Statystyki dla Quiz o Surinamie

Kliknij tutaj aby rozwiązać quiz!

Ogólne statystyki

  • Ten quiz został rozwiązany 430 razy
  • Średni wynik to 9 z 13

Statystyki odpowiedzi

WskazówkaOdpowiedź% Poprawnych
Państwa granicząceBrazylia
96%
Państwa granicząceGujana
96%
Państwa granicząceFrancja
91%
Surinam i Bhutan to jedyne państwa na świecie,
które pochłaniają tego więcej, niż emitują
Dwutlenek węgla
86%
90% powierzchni Surinamu jest pokryte _____,
jest to najwyższy wskaźnik ze wszystkich państw
Lasami
83%
Język oficjalnyholenderski
82%
StolicaParamaribo
78%
WalutaDolar
67%
W 1667 roku Wielka Brytania scedowała Surinam na Holandię.
Co Wielka Brytania otrzymała w zamian?
(wskazówka: dziś to duże miasto)
Nowy Jork
55%
27% Surinamczyków wywodzi się z robotników
kontraktowych, którzy pierwotnie przybyli z tego państwa
Indie
52%
Rzeka przepływająca przez powyższe miastoSurinam
52%
Główny towar eksportowy Surinamu w epoce kolonialnejCukier
33%
Określenie dla grup ludzi pochodzących
od zbiegłych niewolników
Maroni
23%

Rozkład punktacji

Percentyl według liczby udzielonych odpowiedzi

Procent ludzi z każdym wynikiem

Twoja historia wyników

Nie rozwiązałeś tego quizu